Normal view
MARC view
Entry Topical Term
001 - CONTROL NUMBER
- control field: 25728
003 - CONTROL NUMBER IDENTIFIER
- control field: ARRUPE
005 - DATE AND TIME OF LATEST TRANSACTION
- control field: 20160913121413.0
008 - FIXED-LENGTH DATA ELEMENTS
- fixed length control field: 160913|| aca||aabn | a|a d
040 ## - CATALOGING SOURCE
- Original cataloging agency: ARRUPE
- Transcribing agency: ARRUPE
150 ## - HEADING--TOPICAL TERM
- Topical term or geographic name as entry element: Science
- General subdivision: Philosophy.
670 ## - SOURCE DATA FOUND
- Source citation: Work cat.: (ARRUPE)0: Whitehead, Alfred North, 1861-1947. 25727, An enquiry concerning the principles of natural knowledge,, 1919.